Capitale en lien avec l'Australie - Statistiques

Statistiques générales
  • Ce quiz a été pris 21 fois
  • Le résultat moyen est 8 sur 13
Statistiques - réponses
États Capitales % Correct
Nouvelle Galles du Sud Sydney
95%
Territoire de la capitale australienne Canberra
89%
Territoire du Nord Darwin
89%
Australie Occidentale Perth
89%
Tasmanie Hobart
84%
Victoria Melbourne
84%
Queensland Brisbane
79%
Australie Méridionale Adelaïde
74%
Ile Christmas Flying Fish Cove
21%
Ile Norfolk Kingston
21%
Ile Cocos West Island
21%
Ile de la mer de Corail Ile Willis
5%
Territoire baie Jervis Jervis Bay Village
5%
Aucun quiz correspondant
Distribution des résultats
% des personnes avec chaque résultat
Percentile par nombre de réponses
Votre historique - résultats
Vous n’avez pas pris ce quiz